000 00833nam a2200229Ii 4500
003 JO-AjNU
008 230605s9999||||xx |||||||||||||| ||und||
017 _a2021/8/4386
020 _a978-9957-33-871-8
040 _aJO-AjNU
_bara
_erda
_cJO-AjNU
041 _aara
050 1 4 _aHV6626.A45 2022
100 3 _aالاحمد، وسيم حسام الدين,
_eauthor
_962851
245 0 0 _aالحماية الاجتماعية من العنف الاسري
250 _aط1
264 3 1 _aعمان: مؤسسة الوراق للنشر والتوزيع، 2022
300 _a177ص
336 _atext
_btxt
_2rdacontent
337 _aunmediated
_bn
_2rdamedia
338 _avolume
_bnc
_2rdacarrier
650 4 _aالاحوال الشخصية-العلاقات العائلية-العنف الاسري-القانون المدني
_962852
999 _aA28480
_c32048
_d32048